| 000 | 00424pab a2200169 454500 | ||
|---|---|---|---|
| 008 | 180718b2010 xxu||||| |||| 00| 0 eng d | ||
| 100 | _aPastor, Jesus T. | ||
| 245 | _aDistance functions and efficiency measurement | ||
| 260 | _c2010 | ||
| 300 | _ap.193-231. | ||
| 362 | _aJul - Dec | ||
| 650 | _aIndustrial production | ||
| 700 | _aAparicio, Juan | ||
| 773 | _aIndian Economic Review | ||
| 908 | _aN | ||
| 909 | _a96010 | ||
| 999 |
_c96010 _d96010 |
||